000 002600000a22000970004500
100 1 _aSendoya, Luis Enrique
245 1 0 _aDos maneras de leer el mensaje
300 _aVol. 46, Núm 196 (1991), Páginas 23-24
773 0 _tLa Biblia de las Américas
942 _cANA
999 _c51328
_d51328